| 000 | 00376nam a2200157Ia 4500 | ||
|---|---|---|---|
| 008 | 230605s1998 xx 000 0 und d | ||
| 041 | _aeng | ||
| 100 | _aPriest/welch | ||
| 245 | _aCreating stress -free office | ||
| 260 |
_bGower management work book _c1998 _c1998 |
||
| 300 | _a329 | ||
| 365 |
_b1229 _h20 |
||
| 500 | _a54 | ||
| 520 | _aReference Copy | ||
| 650 | _aC.S. | ||
| 999 |
_c418106 _d418106 |
||